[Event "VIE-ch U17"]
[Site "Ho Chi Minh City"]
[Date "2022.07.13"]
[Round "4"]
[White "Nguyen, Viet Quang"]
[Black "Nguyen, Hoang Hiep"]
[Result "0-1"]
[WhiteElo "2265"]
[BlackElo "2280"]
[PlyCount "45"]
[EventDate "2022.07.11"]
[EventType "swiss"]
[EventRounds "9"]
[EventCountry "VIE"]
[SourceTitle "EXT 2023"]
[Source "ChessBase"]
[SourceDate "2022.10.05"]
[SourceVersion "1"]
[SourceVersionDate "2022.10.05"]
[SourceQuality "1"]

1. e4 d6 2. Nc3 g6 3. h3 Bg7 4. d4 a6 5. Be3 b5 6. a3 Bb7 7. Qd2 Nd7 8. Nf3 Ngf6 9. d5 c5 10. Bd3 Qc7 11. 0-0 0-0 12. Bh6 e6 13. Bxg7 Kxg7 14. dxe6 fxe6 15. Ng5 Rae8 16. Rfe1 c4 17. Bf1 Ne5 18. Rad1 h6 19. Nf3 Rd8 20. Qe3 Nxe4 21. Nxe4 Bxe4 22. Nd4 Rde8 23. f3 0-1

[Event "VIE-ch U20"]
[Site "Hanoi"]
[Date "2022.06.16"]
[Round "8"]
[White "Nguyen, Hoang Hiep"]
[Black "Bui, Duc Huy"]
[Result "1/2-1/2"]
[WhiteElo "2274"]
[BlackElo "2271"]
[PlyCount "50"]
[EventDate "2022.06.11"]
[EventType "swiss"]
[EventRounds "9"]
[EventCountry "VIE"]
[SourceTitle "EXT 2023"]
[Source "ChessBase"]
[SourceDate "2022.10.05"]
[SourceVersion "1"]
[SourceVersionDate "2022.10.05"]
[SourceQuality "1"]

1. b4 e5 2. a3 d5 3. Bb2 Bd6 4. Nf3 Qe7 5. e3 Nf6 6. c4 c6 7. Qc2 0-0 8. Be2 a5 9. b5 dxc4 10. Bxc4 cxb5 11. Bxb5 Bg4 12. Nc3 Rc8 13. h3 Bxf3 14. gxf3 Na6 15. 0-0 Nc7 16. Qf5 g6 17. Qg5 Qe6 18. Qh4 Nxb5 19. Nxb5 Be7 20. a4 Rc4 21. Qg3 Nd7 22. d4 Bf6 23. Rfd1 Rc2 24. dxe5 Bxe5 25. Bxe5 Qxe5 1/2-1/2

[Event "VIE-ch U20"]
[Site "Hanoi"]
[Date "2022.06.15"]
[Round "7"]
[White "Le, Tri Kien"]
[Black "Nguyen, Hoang Hiep"]
[Result "1/2-1/2"]
[WhiteElo "2267"]
[BlackElo "2274"]
[PlyCount "116"]
[EventDate "2022.06.11"]
[EventType "swiss"]
[EventRounds "9"]
[EventCountry "VIE"]
[SourceTitle "EXT 2023"]
[Source "ChessBase"]
[SourceDate "2022.10.05"]
[SourceVersion "1"]
[SourceVersionDate "2022.10.05"]
[SourceQuality "1"]

1. d4 d5 2. c4 e6 3. Nc3 Nf6 4. cxd5 exd5 5. Bg5 Be7 6. e3 c6 7. Bd3 0-0 8. Qc2 Nbd7 9. Nf3 Re8 10. 0-0 h6 11. Bf4 Nh5 12. Nxd5 Nxf4 13. Nxf4 Bd6 14. Ne2 Nf8 15. Bf5 Qa5 16. Bxc8 Raxc8 17. Nc3 Bb8 18. Rac1 Ne6 19. h3 b6 20. Rfd1 Red8 21. a3 Qh5 22. Rd2 Rd7 23. Rcd1 Rcd8 24. Qe4 Rd6 25. Ne5 Rc8 26. Qf3 Qxf3 27. Nxf3 Rcd8 28. g3 f6 29. Kg2 Kf7 30. b4 R6d7 31. Rc2 Re8 32. Nd2 Bd6 33. Nce4 Nd8 34. Nxd6+ Rxd6 35. Nb3 Re7 36. Rdc1 Ke8 37. Kf3 f5 38. Nd2 Rde6 39. Kg2 Kd7 40. Nf3 Nf7 41. a4 Rd6 42. Nd2 Ree6 43. Nb1 Nd8 44. Nc3 Nb7 45. d5 Rg6 46. dxc6+ Rxc6 47. Nb5 a5 48. bxa5 bxa5 49. Nd4 Rxc2 50. Rxc2 Rf6 51. Rb2 Kc7 52. Rb5 g6 53. Nb3 Rb6 54. Rxb6 Kxb6 55. g4 Nc5 56. gxf5 gxf5 57. Nxc5 Kxc5 58. Kf3 Kb4 1/2-1/2

[Event "VIE-ch U20"]
[Site "Hanoi"]
[Date "2022.06.12"]
[Round "2"]
[White "Nguyen, Hoang Hiep"]
[Black "Nguyen, Hoang Dang Huy"]
[Result "1-0"]
[WhiteElo "2274"]
[BlackElo "2269"]
[PlyCount "93"]
[EventDate "2022.06.11"]
[EventType "swiss"]
[EventRounds "9"]
[EventCountry "VIE"]
[SourceTitle "EXT 2023"]
[Source "ChessBase"]
[SourceDate "2022.10.05"]
[SourceVersion "1"]
[SourceVersionDate "2022.10.05"]
[SourceQuality "1"]

1. d4 Nf6 2. Bf4 g6 3. e3 Bg7 4. Nf3 d6 5. Be2 0-0 6. 0-0 Nfd7 7. c4 e5 8. Bg5 Qe8 9. Nc3 f6 10. Bh4 Nc6 11. Nd5 Qd8 12. b4 Ne7 13. Nxe7+ Qxe7 14. c5 e4 15. Qb3+ Kh8 16. Nd2 g5 17. Bg3 f5 18. f3 f4 19. Bf2 exf3 20. Bxf3 g4 21. cxd6 cxd6 22. Bd5 Nb6 23. exf4 Nxd5 24. Qxd5 Qe2 25. Rad1 Rxf4 26. Qxd6 Rf6 27. Qg3 Be6 28. Rfe1 Qa6 29. Ne4 Rg6 30. a3 Bd5 31. Nc5 Qc6 32. Rc1 Rf8 33. Nd3 Qb5 34. Rc5 Qd7 35. Ne5 Qd8 36. Nxg6+ hxg6 37. Qxg4 b6 38. Rcc1 Bb7 39. Rcd1 Qd5 40. Qh3+ Kg8 41. Qe6+ Qxe6 42. Rxe6 Bd5 43. Rxg6 Rc8 44. h4 Rc2 45. Rg5 Be6 46. Re1 Bc4 47. Re7 1-0

[Event "VIE-ch U15"]
[Site "Hanoi"]
[Date "2020.??.??"]
[Round "1"]
[White "Nguyen, Hoang Hiep"]
[Black "Hoang, Quoc Khanh"]
[Result "1/2-1/2"]
[WhiteElo "1758"]
[BlackElo "1650"]
[PlyCount "58"]
[EventDate "2020.10.22"]
[EventType "tourn"]
[EventRounds "7"]
[EventCountry "VIE"]
[SourceTitle "EXT 2022"]
[Source "ChessBase"]
[SourceDate "2021.10.06"]
[SourceVersion "1"]
[SourceVersionDate "2021.10.06"]
[SourceQuality "1"]

1. d4 Nf6 2. Nf3 e6 3. Bf4 c5 4. c3 b6 5. e3 Be7 6. h3 Bb7 7. Bd3 d5 8. Bxb8 Qxb8 9. Bb5+ Kf8 10. Ne5 g6 11. g4 Bd6 12. f4 Kg7 13. Nd2 a6 14. Bd3 b5 15. g5 Ne4 16. Bxe4 dxe4 17. Qc2 h6 18. Nxe4 hxg5 19. Rg1 Bxe5 20. fxe5 Bxe4 21. Qxe4 b4 22. c4 cxd4 23. exd4 b3 24. a3 Qc7 25. Rc1 Rad8 26. Rc3 Rh4 27. Rg4 Rdh8 28. Rxh4 Rxh4 29. Qd3 g4 1/2-1/2

[Event "VIE-ch"]
[Site "Ho Chi Minh City"]
[Date "2019.05.09"]
[Round "9"]
[White "Nguyen, Hoang Hiep"]
[Black "Duong, Thuong Cong"]
[Result "1/2-1/2"]
[WhiteElo "1683"]
[BlackElo "2007"]
[PlyCount "32"]
[EventDate "2019.05.02"]
[EventType "swiss"]
[EventRounds "9"]
[EventCountry "VIE"]
[SourceTitle "CBM 190 Extra"]
[Source "ChessBase"]
[SourceDate "2019.07.15"]
[SourceVersion "1"]
[SourceVersionDate "2019.07.15"]
[SourceQuality "1"]

1. d4 d6 2. c4 g6 3. Nc3 f5 4. g3 Bg7 5. Bg2 Nf6 6. Nf3 0-0 7. 0-0 Qe8 8. d5 a5 9. Nd4 Na6 10. Rb1 Nc5 11. Ncb5 Qd8 12. b3 e5 13. dxe6 c6 14. Na3 Nxe6 15. Ndc2 Nc5 16. Bb2 Qe7 1/2-1/2

[Event "VIE-ch"]
[Site "Ho Chi Minh City"]
[Date "2019.05.08"]
[Round "8"]
[White "Do, An Hoa1"]
[Black "Nguyen, Hoang Hiep"]
[Result "0-1"]
[WhiteElo "1565"]
[BlackElo "1683"]
[PlyCount "115"]
[EventDate "2019.05.02"]
[EventType "swiss"]
[EventRounds "9"]
[EventCountry "VIE"]
[SourceTitle "CBM 190 Extra"]
[Source "ChessBase"]
[SourceDate "2019.07.15"]
[SourceVersion "1"]
[SourceVersionDate "2019.07.15"]
[SourceQuality "1"]

1. d4 d5 2. e3 Nf6 3. Bd3 e6 4. Nd2 c5 5. c3 Nc6 6. Ngf3 Bd6 7. 0-0 0-0 8. dxc5 Bxc5 9. e4 dxe4 10. Nxe4 Nxe4 11. Bxe4 Qc7 12. Qe2 f5 13. Bc2 Kh8 14. Bb3 Na5 15. Ne5 Nxb3 16. axb3 Bd6 17. Re1 b6 18. Bf4 Bb7 19. Qh5 Rf6 20. Nf7+ Rxf7 21. Bxd6 Qc6 22. f3 Rf6 23. Be5 Rg6 24. Kh1 a6 25. Rad1 Qb5 26. Qh4 Re8 27. Rd8 h6 28. c4 Qc6 29. Red1 Kh7 30. Rxe8 Qxe8 31. Qd8 Qc6 32. Rd3 Qc5 33. Qd4 Qb4 34. Qc3 Qe7 35. Qd2 Qc5 36. Rd7 Ba8 37. Qd4 Qa5 38. h3 Qe1+ 39. Kh2 Bxf3 40. Rxg7+ Rxg7 41. Bxg7 Qe2 42. Kg3 Qxg2+ 43. Kf4 Qxg7 44. Qxg7+ Kxg7 45. Kxf3 e5 46. b4 Kf7 47. b3 Ke6 48. Ke3 Kd6 49. Kd3 f4 50. Ke4 a5 51. b5 Kc5 52. Kf3 a4 53. bxa4 Kxc4 54. h4 Kb4 55. h5 Kxa4 56. Ke4 Kxb5 57. Kf5 f3 58. Kg6 0-1

[Event "VIE-ch"]
[Site "Ho Chi Minh City"]
[Date "2019.05.07"]
[Round "7"]
[White "Lu, Chan Hung"]
[Black "Nguyen, Hoang Hiep"]
[Result "1-0"]
[WhiteElo "2215"]
[BlackElo "1683"]
[PlyCount "87"]
[EventDate "2019.05.02"]
[EventType "swiss"]
[EventRounds "9"]
[EventCountry "VIE"]
[SourceTitle "CBM 190 Extra"]
[Source "ChessBase"]
[SourceDate "2019.07.15"]
[SourceVersion "1"]
[SourceVersionDate "2019.07.15"]
[SourceQuality "1"]

1. c4 Nf6 2. Nf3 e6 3. g3 b6 4. Bg2 Bb7 5. 0-0 Be7 6. d3 0-0 7. e4 c5 8. Nc3 Nc6 9. h3 d5 10. Bf4 Nd4 11. cxd5 exd5 12. e5 Nd7 13. Nxd4 cxd4 14. Nxd5 Kh8 15. Qh5 Nc5 16. Nxe7 Qxe7 17. Rad1 Bxg2 18. Kxg2 Rac8 19. Rfe1 Ne6 20. Rc1 Qd7 21. b3 Rc3 22. Qf3 Rfc8 23. Bd2 Rc2 24. Rxc2 Rxc2 25. Rc1 Rxc1 26. Bxc1 h6 27. Ba3 Kh7 28. Bd6 Ng5 29. Qe2 Qxh3+ 30. Kg1 h5 31. Be7 Ne6 32. Qe4+ g6 33. Qa8 Qg4 34. Bf6 Qd1+ 35. Kh2 g5 36. Qh8+ Kg6 37. Qg8+ Kf5 38. Qh7+ Kg4 39. Qe4+ Nf4 40. gxf4 gxf4 41. Kg2 Qc2 42. Qf3+ Kf5 43. Qxh5+ Ke6 44. Qg4+ 1-0

[Event "VIE-ch"]
[Site "Ho Chi Minh City"]
[Date "2019.05.05"]
[Round "4"]
[White "Dang, Hoang Son"]
[Black "Nguyen, Hoang Hiep"]
[Result "1-0"]
[WhiteElo "2320"]
[BlackElo "1683"]
[PlyCount "99"]
[EventDate "2019.05.02"]
[EventType "swiss"]
[EventRounds "9"]
[EventCountry "VIE"]
[SourceTitle "CBM 190 Extra"]
[Source "ChessBase"]
[SourceDate "2019.07.15"]
[SourceVersion "1"]
[SourceVersionDate "2019.07.15"]
[SourceQuality "1"]

1. d4 d5 2. c4 e6 3. Nf3 Nf6 4. g3 Be7 5. Bg2 0-0 6. 0-0 b6 7. Qc2 Bb7 8. Bf4 Na6 9. Rd1 Rc8 10. Na3 c5 11. Rac1 Bd6 12. Bxd6 Qxd6 13. Qa4 cxd4 14. Nxd4 Qb4 15. Qxb4 Nxb4 16. Nab5 a5 17. Nd6 Rb8 18. Nxb7 Rxb7 19. a3 Na6 20. cxd5 exd5 21. Nf5 g6 22. Rc6 Ne8 23. Ne3 Nb8 24. Rc8 Nf6 25. Nxd5 Nxd5 26. Rxf8+ Kxf8 27. Rxd5 Rd7 28. f4 Rxd5 29. Bxd5 Ke7 30. Kf2 f6 31. Ke3 Na6 32. Kd4 Nc7 33. Bc4 h6 34. e3 Kd6 35. Bf7 g5 36. Ke4 Ke7 37. Ba2 Kf8 38. Kf5 Kg7 39. e4 gxf4 40. gxf4 h5 41. h4 b5 42. Bb3 b4 43. a4 Na6 44. Bc4 Nc5 45. b3 Nd7 46. e5 fxe5 47. fxe5 Kf8 48. Ke6 Nc5+ 49. Kd5 Nd7 50. Kd6 1-0

[Event "VIE-ch U13"]
[Site "Hai Phong"]
[Date "2018.07.09"]
[Round "5"]
[White "Nguyen, Hoang Hiep"]
[Black "Pham, Quang Hung1"]
[Result "1-0"]
[WhiteElo "1848"]
[BlackElo "1836"]
[PlyCount "67"]
[EventDate "2018.07.07"]
[EventType "swiss"]
[EventRounds "9"]
[EventCountry "VIE"]
[SourceTitle "EXT 2019"]
[Source "ChessBase"]
[SourceDate "2018.10.10"]
[SourceVersion "1"]
[SourceVersionDate "2018.10.10"]
[SourceQuality "1"]

1. d4 d5 2. c4 c6 3. cxd5 cxd5 4. Nc3 Nc6 5. Nf3 Nf6 6. Bf4 Bf5 7. e3 a6 8. Ne5 e6 9. Qa4 Qb6 10. Bb5 Rc8 11. Bxc6+ bxc6 12. 0-0 Be7 13. b4 Bxb4 14. Rab1 Bxb1 15. Rxb1 Qa5 16. Rxb4 Qxa4 17. Nxa4 0-0 18. Nd3 Ne4 19. f3 g5 20. Nb6 gxf4 21. Nxc8 Rxc8 22. fxe4 fxe3 23. e5 a5 24. Rb2 c5 25. Nxc5 Rc7 26. Kf1 Rc8 27. Ke2 Rc7 28. Kxe3 Rc8 29. Ke2 Rc7 30. Ke3 Rc8 31. Rb5 a4 32. Ra5 Rb8 33. Rxa4 Kg7 34. Nd3 1-0

[Event "VIE-ch U13"]
[Site "Hai Phong"]
[Date "2018.07.08"]
[Round "3"]
[White "Nguyen, Hoang Hiep"]
[Black "Nguyen, Thieu Anh"]
[Result "1-0"]
[WhiteElo "1848"]
[BlackElo "1820"]
[PlyCount "93"]
[EventDate "2018.07.07"]
[EventType "swiss"]
[EventRounds "9"]
[EventCountry "VIE"]
[SourceTitle "EXT 2019"]
[Source "ChessBase"]
[SourceDate "2018.10.10"]
[SourceVersion "1"]
[SourceVersionDate "2018.10.10"]
[SourceQuality "1"]

1. d4 d5 2. c4 c6 3. cxd5 cxd5 4. Nc3 Nf6 5. Nf3 Nc6 6. Bf4 Bf5 7. e3 e6 8. Bb5 a6 9. Bxc6+ bxc6 10. 0-0 c5 11. Rc1 c4 12. Ne5 Bd6 13. Qa4+ Kf8 14. b3 cxb3 15. axb3 Bxe5 16. Bxe5 Nd7 17. Qa3+ Kg8 18. Bc7 Qe8 19. f3 Nf6 20. Na4 Nd7 21. Rfe1 f6 22. e4 dxe4 23. fxe4 Bg6 24. d5 e5 25. d6 h6 26. Nc3 Bf7 27. Nd1 Kh7 28. Ne3 Be6 29. Nf5 Bxf5 30. exf5 Qf7 31. Re3 Rhc8 32. Rc4 Qh5 33. Rf3 Qe8 34. Qa4 Qf7 35. Rg3 Re8 36. Qc6 Rec8 37. Rcg4 Rg8 38. h3 Ra7 39. Kh2 Kh8 40. Rc4 Rga8 41. b4 Qe8 42. Ra3 Qc8 43. b5 Kh7 44. b6 Nb8 45. Qd5 Rb7 46. Rg3 Kh8 47. Rcg4 1-0

[Event "VIE-ch U13"]
[Site "Hai Phong"]
[Date "2018.07.07"]
[Round "2"]
[White "Hoang, Le Minh Nhat"]
[Black "Nguyen, Hoang Hiep"]
[Result "1/2-1/2"]
[WhiteElo "1832"]
[BlackElo "1848"]
[PlyCount "77"]
[EventDate "2018.07.07"]
[EventType "swiss"]
[EventRounds "9"]
[EventCountry "VIE"]
[SourceTitle "EXT 2019"]
[Source "ChessBase"]
[SourceDate "2018.10.10"]
[SourceVersion "1"]
[SourceVersionDate "2018.10.10"]
[SourceQuality "1"]

1. e4 e6 2. d4 d5 3. Nc3 Nf6 4. e5 Nfd7 5. f4 c5 6. Nf3 Nc6 7. Be3 a6 8. Be2 Qb6 9. Rb1 cxd4 10. Nxd4 Bc5 11. Na4 Qa5+ 12. c3 Bxd4 13. Bxd4 Nxd4 14. Qxd4 0-0 15. 0-0 Qc7 16. b3 b5 17. Nb2 Bb7 18. Nd3 Rac8 19. Rbc1 Qb6 20. Bg4 g6 21. Bh3 Rc6 22. Kh1 Qxd4 23. cxd4 Rfc8 24. Rxc6 Rxc6 25. Rc1 Rxc1+ 26. Nxc1 Kf8 27. Kg1 Ke8 28. Kf2 h5 29. Nd3 Kd8 30. g4 hxg4 31. Bxg4 a5 32. h4 b4 33. h5 gxh5 34. Bxh5 Ke7 35. Ke3 Ba6 36. Nc5 Nxc5 37. dxc5 Bb5 38. Kd4 Bc6 39. Bg4 1/2-1/2

[Event "Hanoi HD Bank op-B 8th"]
[Site "Hanoi"]
[Date "2018.03.10"]
[Round "2"]
[White "Jayaram, R."]
[Black "Nguyen, Hoang Hiep"]
[Result "1-0"]
[WhiteElo "2033"]
[BlackElo "1626"]
[PlyCount "93"]
[EventDate "2018.03.10"]
[EventType "swiss"]
[EventRounds "9"]
[EventCountry "VIE"]
[SourceTitle "CBM 183 Extra"]
[Source "ChessBase"]
[SourceDate "2018.04.19"]
[SourceVersion "1"]
[SourceVersionDate "2018.04.19"]
[SourceQuality "1"]

1. d4 d5 2. c4 c6 3. Nf3 Nf6 4. Nc3 Bf5 5. Qb3 Qb6 6. c5 Qxb3 7. axb3 Na6 8. Bf4 Nh5 9. Bg3 Nxg3 10. hxg3 Nc7 11. e3 a6 12. b4 g6 13. Nh4 Bd7 14. Bd3 Bg7 15. f4 0-0-0 16. 0-0-0 f6 17. f5 g5 18. Nf3 g4 19. Nd2 e6 20. fxe6 Nxe6 21. Bxh7 Ng5 22. Bd3 f5 23. Rh4 Ne4 24. Ndxe4 fxe4 25. Be2 Bh6 26. Kd2 Bg5 27. Rhh1 Be6 28. Rdf1 Kd7 29. Nd1 Rxh1 30. Rxh1 Rg8 31. Rh7+ Kc8 32. Nc3 Bd8 33. Bf1 Bc7 34. Ne2 a5 35. Kc3 Bf5 36. Rh6 Bd7 37. Nf4 axb4+ 38. Kxb4 b6 39. cxb6 Bxb6 40. Nxd5 cxd5 41. Rxb6 Rf8 42. Ba6+ Kc7 43. Kc5 Rf2 44. Rb7+ Kd8 45. Kxd5 Rf6 46. Bb5 Rf5+ 47. Kc4 1-0

[Event "VIE-ch U09"]
[Site "Ho Chi Minh City"]
[Date "2014.07.17"]
[Round "8"]
[White "Hoang, Viet"]
[Black "Nguyen, Hoang Hiep"]
[Result "1/2-1/2"]
[WhiteElo "1448"]
[BlackElo "1645"]
[PlyCount "67"]
[EventDate "2014.07.13"]
[EventType "swiss"]
[EventRounds "9"]
[EventCountry "VIE"]
[SourceTitle "EXT 2016"]
[Source "ChessBase"]
[SourceDate "2015.10.08"]
[SourceVersion "1"]
[SourceVersionDate "2015.10.08"]
[SourceQuality "1"]

1. e4 Nf6 2. Nc3 d6 3. Nf3 g6 4. Bc4 Bg7 5. d3 0-0 6. Bd2 c6 7. Qc1 Bg4 8. Ng1 a5 9. Nge2 b5 10. h3 Bxe2 11. Nxe2 bxc4 12. dxc4 Nxe4 13. Bh6 Qb6 14. 0-0 Qxb2 15. Qxb2 Bxb2 16. Bxf8 Bxa1 17. Bxe7 Bf6 18. Bxf6 Nxf6 19. Rd1 Ne8 20. Nc3 Na6 21. Ne4 f5 22. Nc3 Nb4 23. Rc1 d5 24. cxd5 Nxd5 25. Ne2 Nef6 26. c4 Nb4 27. a3 Na6 28. Rb1 Rb8 29. Rd1 Rb2 30. Nf4 Ne4 31. f3 Nc3 32. Rd8+ Kg7 33. Rd7+ Kh6 34. Ne6 1/2-1/2

[Event "VIE-ch U09"]
[Site "Ho Chi Minh City"]
[Date "2014.07.16"]
[Round "6"]
[White "Dang, Minh Long"]
[Black "Nguyen, Hoang Hiep"]
[Result "0-1"]
[WhiteElo "1490"]
[BlackElo "1645"]
[PlyCount "54"]
[EventDate "2014.07.13"]
[EventType "swiss"]
[EventRounds "9"]
[EventCountry "VIE"]
[SourceTitle "EXT 2016"]
[Source "ChessBase"]
[SourceDate "2015.10.08"]
[SourceVersion "1"]
[SourceVersionDate "2015.10.08"]
[SourceQuality "1"]

1. d4 f5 2. Nf3 Nf6 3. g3 e6 4. Bg2 Be7 5. 0-0 0-0 6. b3 d5 7. Bb2 Ne4 8. c4 c6 9. Nc3 Nd7 10. Nxe4 fxe4 11. Ne5 Qe8 12. e3 Nxe5 13. dxe5 Qg6 14. cxd5 exd5 15. Bd4 Bg4 16. Qc2 Qh5 17. Rac1 Bf3 18. Bb2 Rae8 19. Bd4 Bd8 20. Bxa7 Re6 21. Bd4 Rh6 22. h4 Bxh4 23. Rfe1 Bxg2 24. Kxg2 Bxg3 25. Rg1 Qh2+ 26. Kf1 Rxf2+ 27. Qxf2 Qxf2# 0-1

[Event "ASEAN-ch U08 14th"]
[Site "Chiangmai"]
[Date "2013.06.13"]
[Round "9"]
[White "Nguyen, Hoang Hiep"]
[Black "Chinguun, Sumiya"]
[Result "1/2-1/2"]
[WhiteElo "1649"]
[BlackElo "1428"]
[PlyCount "49"]
[EventDate "2013.06.08"]
[EventType "swiss"]
[EventRounds "9"]
[EventCountry "THA"]
[SourceTitle "EXT 2014"]
[Source "ChessBase"]
[SourceDate "2013.11.20"]
[SourceVersion "1"]
[SourceVersionDate "2013.11.20"]
[SourceQuality "1"]

1. e4 c5 2. Nf3 e6 3. Bb5 a6 4. Bc4 d6 5. 0-0 b5 6. Be2 Nf6 7. d3 Be7 8. Be3 Bb7 9. Nbd2 0-0 10. c4 Nbd7 11. cxb5 axb5 12. Qb3 Bc6 13. d4 Nxe4 14. Nxe4 Bxe4 15. dxc5 dxc5 16. Bxb5 Rb8 17. Rfd1 Bd5 18. Qa4 Nb6 19. Qc2 Qc8 20. Be2 Qb7 21. Bxc5 Rfc8 22. b4 Nd7 23. a4 Nxc5 24. bxc5 Bxc5 25. Qb1 1/2-1/2